LEADER 00926cam2 22002771 450 001 SOBE00065004 005 20201222085023.0 010 $a2012787673 100 $a20201202d1995 |||||ita|0103 ba 101 $afre 102 $aFR 200 1 $a<<1: La >>fin des notables$fDaniel Halevy$gpreface de Herve Robert 210 $aParis$cHachette$cGrasset$d1995 215 $a222 p.$dill.$d18 cm 461 1$1001E600200030794$12001 $a<>fin des notables / Daniel Halèvy 700 1$aHalevy$b, Daniel$3A600200044276$4070$0443773 702 1$aHerve, Robert$3SOBA00020504$4070 801 0$aIT$bUNISOB$c20201222$gRICA 850 $aUNISOB 852 $aUNISOB$j900$m90246 912 $aSOBE00065004 940 $aM 102 Monografia moderna SBN 941 $aM 957 $a900$b003340$i-1$gSI$d90246$1rovito$2UNISOB$3UNISOB$420201222084925.0$520201222085023.0$6rovito 996 $aFin des notables$91688174 997 $aUNISOB LEADER 01432nam0 22003251i 450 001 UON00235780 005 20231205103524.477 100 $a20030730d1891 |0itac50 ba 101 $aeng 102 $aGB 105 $a||||e ||||| 200 1 $aˆA ‰Middle-English dictionary$econtaining words used by English writers from the twelfth to the fifteenth century$fby Francis Henry Stratmann 205 $aNew edition$bre-arranged$band enlarged$fby Henry Bradley 210 $aOxford$cUniversity Press ; London$cGeoffrey Cumberlege$d1891$erist. 1954 215 $axxiii, 708 p.$d24 cm. 606 $aDIZIONARI INGLESI$3UONC037401$2FI 606 $aLINGUA INGLESE MEDIEVALE$xDizionari$3UONC052528$2FI 620 $aGB$dOxford$3UONL000029 620 $aGB$dLondon$3UONL003044 676 $a427.0203$cMedio inglese, 1100-1500. Dizionari, enciclopedie, concordanze.$v21 700 1$aSTRATMANN$bFrancis Henry$3UONV142731$0165037 702 1$aBRADLEY$bHenry$3UONV142732 712 $aCumberlege$3UONV248913$4650 712 $aOxford University Press$3UONV245947$4650 801 $aIT$bSOL$c20240220$gRICA 899 $aSIBA - SISTEMA BIBLIOTECARIO DI ATENEO$2UONSI 912 $aUON00235780 950 $aSIBA - SISTEMA BIBLIOTECARIO DI ATENEO$dSI S.C V DIZ 56 $eSI MR 58728 6 56 996 $aMiddle-English dictionary$9173803 997 $aUNIOR